The Disciples in narrative perspective : (Record no. 30389)
[ view plain ]
| 000 -LEADER | |
|---|---|
| fixed length control field | 01323nam a2200229 4500 |
| 008 - FIXED-LENGTH DATA ELEMENTS--GENERAL INFORMATION | |
| fixed length control field | 071030s2002 gau b 001 0 eng |
| 020 ## - INTERNATIONAL STANDARD BOOK NUMBER | |
| International Standard Book Number | 1589830482 :USD8.722:Mrs. Mary Yu |
| 090 ## - LOCALLY ASSIGNED LC-TYPE CALL NUMBER (OCLC); LOCAL CALL NUMBER (OCLC) | |
| Classification number (OCLC) (R) ; Classification number, CALL (RLIN) (NR) | BS2440 |
| Local cutter number (OCLC) ; Book number/undivided call number, CALL (RLIN) | B81d |
| -- | 2002 |
| 100 1# - MAIN ENTRY--PERSONAL NAME | |
| Personal name | Brown, Jeannine K., |
| Dates associated with a name | 1961- |
| 245 14 - TITLE STATEMENT | |
| Title | The Disciples in narrative perspective : |
| Remainder of title | the portrayal and function of the Matthean Disciples / |
| Statement of responsibility, etc | Jeannine K. Brown. |
| 260 ## - PUBLICATION, DISTRIBUTION, ETC. (IMPRINT) | |
| Place of publication, distribution, etc | Atlanta, GA : |
| Name of publisher, distributor, etc | Society of Biblical Literature, |
| Date of publication, distribution, etc | c2002. |
| 300 ## - PHYSICAL DESCRIPTION | |
| Extent | xii, 171 p. ; |
| Dimensions | 23 cm. |
| 490 1# - SERIES STATEMENT | |
| Series statement | Society of Biblical Literature Academia Biblica ; |
| Volume number/sequential designation | no. 9 |
| 504 ## - BIBLIOGRAPHY, ETC. NOTE | |
| Bibliography, etc | Includes bibliographical references (p. 153-161) and indexes. |
| 505 0# - FORMATTED CONTENTS NOTE | |
| Formatted contents note | The Disciples of Jesus in the Gospel of Matthew : survey of the relevant literature -- Introduction to the portrayal of the Disciples in 16:21-20:28 -- Narrative analysis of Matthew 16:21-20:28 -- Contextual analysis of the Disciples' portrayal -- The function of the Disciples in Matthew -- The Disciples and discipleship in narrative perspective. |
| 600 14 - SUBJECT ADDED ENTRY--PERSONAL NAME | |
| Personal name | Jesus Christ |
| General subdivision | Disciples. |
| 630 04 - SUBJECT ADDED ENTRY--UNIFORM TITLE | |
| Uniform title | Bible. |
| Name of part/section of a work | N.T. |
| -- | Matthew |
| General subdivision | Criticism, interpretation, etc. |
| 650 #4 - SUBJECT ADDED ENTRY--TOPICAL TERM | |
| Topical term or geographic name as entry element | Apostles. |
| 951 ## - EQUIVALENCE OR CROSS-REFERENCE-GEOGRAPHIC NAME/AREA NAME [OBSOLETE] [CAN/MARC only] | |
| General subdivision | 00035776 |
| 830 #0 - SERIES ADDED ENTRY--UNIFORM TITLE | |
| Uniform title | Academia Biblica (Series) (Society of Biblical Literature) ; |
| Volume number/sequential designation | no. 9. |
| 951 ## - EQUIVALENCE OR CROSS-REFERENCE-GEOGRAPHIC NAME/AREA NAME [OBSOLETE] [CAN/MARC only] | |
| -- | 31301 |
| -- | BS2440/B81d/2002 |
| -- | 071030114554343 |
| -- | 2000-12-21 |
| -- | GC |
| Withdrawn status | Lost status | Damaged status | Not for loan | Home library | Current library | Shelving location | Date acquired | Accession number | Shelving control number | Total Checkouts | Full call number | Barcode | Date last seen | Price effective from | Koha item type |
|---|---|---|---|---|---|---|---|---|---|---|---|---|---|---|---|
| BSOP Library | BSOP Library | GC | 12/21/2000 | 31301 | 127 | BS2440/B81d/2002 | 00035776 | 02/23/2013 | 02/23/2013 | Books |
